MDQL
is popping MORE tags! Check the
thread
!
Quizzes
Events
Quiz Creation
Community
Videos
Private Events
Remove Ads
Sign In
Join for FREE
Feedback
Dark Mode
Quiz Categories
Sports
Geography
Music
Movies
Television
Just For Fun
Miscellaneous
History
Literature
Language
Science
Gaming
Entertainment
Religion
Holiday
For Kids
Quiz Lab
Recent
Popular Today
Quiz Kudos Today
Editor Picks
Curator Picks
Quizzes by...
Day
Popularity
Type
Ratings
Length
Year
Community
Subscriptions
Recent Discussions
Orange Saloon
Badges
Playlists
Quests
Create
Leaderboards
Showdown
Live 5
Trivia Bingo
Activity
Puzzle Library
Sporcle Events
Private Events
Virtual Trivia
Globe League
Become a Host
Pub Owners
SporcleCon
Opinionation
Our Games
Videos
Blog
Mobile Apps
Partnerships
Remove Ads and Go Orange
Feedback
Sports
Athletes
MLB
NBA
NHL
NFL
Soccer
Sports Teams
WWE
NCAA
Football
Premier League
Basketball
Baseball
Hockey
Golf
Tennis
Cricket
Rugby
Auto Racing
Olympics
World Cup
Sports
Athletes
MLB
NBA
NHL
NFL
Soccer
Sports Teams
WWE
NCAA
Football
Premier League
Basketball
Baseball
Hockey
Golf
Tennis
Cricket
Rugby
Auto Racing
Olympics
World Cup
Random Quiz
Search Sporcle
×
Curator Pick
Curator Pick
Sports
Soccer
Type in answers that appear in a list
Type in answers that appear in a list
Classic
Best Score? Go Orange.
Top scorer of Premier League's podium teams since 2000 Stats
the top scorer of Premier League's podium teams since 2000?
By
MaxLanders
4m
51 Questions
8,877 Plays
8,877 Plays
8,877 Plays
Comments
Comments
Give Quiz Kudos
Give Quiz Kudos
-
- Ratings
hide this ad
Replay
Link that replays current quiz
Next Quiz
Link to next quiz in quiz playlist
You Got
0%
They Got
Avg Score
78%
Avg Friend Score
Upgrade to see
Score Distribution
Jump to the score distribution portion of the page
Score
0/51
Timer
04:00
1
Play Today
Season
Scorers
% Correct
2000-
2001
Thierry Henry
96.5%
2001-
2002
Thierry Henry
96.5%
2002-
2003
Thierry Henry
96.5%
2003-
2004
Thierry Henry
96.5%
2004-
2005
Thierry Henry
96.5%
2011-
2012
Sergio Agüero
96.4%
2014-
2015
Sergio Agüero
96.4%
2004-
2005
Wayne Rooney
96.3%
2009-
2010
Wayne Rooney
96.3%
2011-
2012
Wayne Rooney
96.3%
2016-
2017
Sergio Agüero
95.7%
2015-
2016
Harry Kane
95.2%
2016-
2017
Harry Kane
94.9%
2015-
2016
Jamie Vardy
94.8%
2009-
2010
Didier Drogba
94.3%
2013-
2014
Luis Suárez
92.4%
2012-
2013
Demba Ba & Frank Lampard
92.3%
2011-
2012
Robin van Persie
91.2%
2012-
2013
Robin van Persie
91.2%
2006-
2007
Cristiano Ronaldo
90%
2007-
2008
Cristiano Ronaldo
90%
2008-
2009
Cristiano Ronaldo
90%
2004-
2005
Frank Lampard
89.5%
2005-
2006
Frank Lampard
89.5%
2006-
2007
Frank Lampard
89.5%
2014-
2015
Diego Costa
89.5%
Season
Scorers
% Correct
2015-
2016
Olivier Giroud
89.5%
2016-
2017
Diego Costa
85.9%
2003-
2004
Ruud van Nistelrooy & Louis Saha
85.9%
2001-
2002
Ruud van Nistelrooy
85.1%
2002-
2003
Ruud van Nistelrooy
85.1%
2005-
2006
Ruud van Nistelrooy
85.1%
2005-
2006
Steven Gerrard
84.1%
2008-
2009
Steven Gerrard
84.1%
2000-
2001
Michael Owen
83.5%
2001-
2002
Michael Owen
83.5%
2014-
2015
Alexis Sánchez
82.9%
2002-
2003
Alan Shearer
80.9%
2012-
2013
Edin Džeko
74.4%
2013-
2014
Yaya Touré
72.8%
2013-
2014
Eden Hazard
72.2%
2010-
2011
Carlos Tevez
71.5%
2010-
2011
Dimitar Berbatov
69.8%
2000-
2001
Teddy Sheringham
61.8%
2007-
2008
Nicolas Anelka
60.2%
2008-
2009
Nicolas Anelka
60.2%
2007-
2008
Emmanuel Adebayor
52.9%
2003-
2004
Jimmy Floyd Hasselbaink
47.6%
2006-
2007
Dirk Kuyt
42.5%
2009-
2010
Cesc Fàbregas
42.1%
2010-
2011
Florent Malouda
36.7%
Quiz Playlist
Details
Report
Send in Message
Add To Playlist
Classic:
Type in answers that appear in a list
Last Updated: Nov 21, 2017
Curator Pick in
Premier League
Quiz Scoreboard
CHALLENGE
Sign Up to Join the Scoreboard
Show All
Scores
Hide
Comments
May contain spoilers
Recently Published
1-10 Letter E Words III
by El_Dandy
Language
2m
Street Fighter Characters
by Artimus82
Gaming
60s
College Basketball Coaching Resumes
by pancakes188
Sports
9m
More to Explore
Quiz From the Vault
Featured Blog Post
Where Did the Easter Bunny Come From?
hide this ad
You Might Also Like...
Tags
Football Quiz
Premier League Quiz
Soccer Quiz
English Soccer
Goal Scorers
Scorer
Today's Top Quizzes in Sports
Browse Sports
hide this ad
Today's Top Quizzes in Soccer
Browse Soccer
Top Contributed Quizzes in Sports
1
2022 World Cup Stars
2
Les meilleurs buteurs des matchs entre le PSG et l’OM
3
FIFA Club World Cup Champions
4
Les entraîneurs de l'OM et du PSG au 21e siècle
5
Criteria MLB: Left Handed Sluggers
6
2023 MLB Unique Player Accomplishments
7
AFC Teams Reveal (Wrong Answers Minefield)
8
Players with Multiple 50 Home Run Seasons
9
5-to-1: FBS Animal Nicknames
10
5-to-1: UK Sports Teams
Explore More
Trending Topics
Disney
Marvel
Harry Potter
Anime
Crossword
Kpop
NBA
Pokémon
The Office
Song
Soccer
NFL
Puzzle
WWE
Country
hide this ad
More By:
MaxLanders
Quiz
Plays
Rating
Category
Featured
Created
Top scorer of Serie A's podium teams since 2000
12,091
4.80
Sports
May 26, 2016
Top scorer of Premier League's podium teams since 2000
8,877
4.78
Sports
Jun 22, 2016
Top 14 teams since the 2001-2002 season (french rugby)
4,671
3.71
Sports
May 23, 2016
Bullet Club members
2,037
2.89
Sports
Jun 18, 2016
PSG losses under QSI era
1,807
4.60
Sports
Jan 8, 2016
Go to Creator's Profile
Score Distribution
Quiz Creator Spotlight
MaxLanders
Follow
Send a Message
Quizzes Created
-
Created Quiz Play Count
-
More By This Creator
Popular Quizzes Today
1
Find the US States - No Outlines Minefield
2
Find the Countries of Europe - No Outlines Minefield
3
The Countries of the World
4
Find the US States
5
Risky Map Clicking: Biggest States A-Z
6
US States
7
Popular People in 1961
8
Movies - When Are They Set?
More Sports Quizzes
ROTY & Finals MVP
Quiz Lab
Trending Quizzes
Risky Map Clicking: Least Populous States A-Z
1-10 Letter G Words
USA Borders Longest to Shortest
1-10 Letter F Words
Countries of the World: 200 Million BC
Recently Updated
Leaping Animals
pecheneg
Reality TV Shows (A-Z)
bhenderson79
Rickey Henderson's Hall of Fame Teammates
pecheneg
Champions League XIs: Arsenal
pecheneg
Quick Pick: Celebrities in WWE's Hall of Fame
aduchscher
A-Z Keypad Blitz II
pecheneg
Multiple Oscar Actors
pecheneg
Mystery Phrase Blitz: Oscar 'Best Actors'
pecheneg
F. Scott Fitzgerald Novels
LTH
Pick 3 Villains
ddd62291
Trending Topics
Disney
Anime
Marvel
Kpop
Crossword
Harry Potter
NBA
NFL
Puzzle
WWE
The Office
Country
Soccer
Song
Pokémon
Your Account Isn't Verified!
In order to create a playlist on Sporcle, you need to verify the email address you used during registration. Go to your
Sporcle Settings
to finish the process.
Report this User
Report this user for behavior that violates our
Community Guidelines
.
Details:
Send Report
Go to the Sporcle.com Mobile Site →
Comments